000 01175nac a22003131i 4500
003 EG-ScBUE
005 20250114092610.0
008 250114s1997 enka f d 000 0 eng d
020 _a9780192115966
020 _a0192115960 (pbk.)
035 _a(DLC) 97014619
040 _aEG-ScBUE
_beng
_erda
_cEG-ScBUE
_dEG-ScBUE
082 0 4 _a520.3
_bDIC
_222
245 0 2 _aA dictionary of astronomy /
_cedited by Ian Ridpath.
246 3 0 _aAstronomy
264 1 _aOxford ;
_aNew York :
_bOxford University Press,
_c1997.
300 _a536 pages :
_billustrations ;
_c20 cm.
336 _2rdacontent
_atext
_btxt
337 _aunmediated
_2rdamedia
_bn
338 _avolume
_bnc
_2rdacarrier
490 0 _aOxford paperback reference
650 7 _aAstronomy
_vDictionaries.
_2BUEsh
655 _vReading book
700 1 _aRidpath, Ian,
_eeditor.
856 4 2 _3Publisher description
_uhttp://www.loc.gov/catdir/enhancements/fy0640/97014619-d.html
856 4 2 _3Table of contents only
_uhttp://www.loc.gov/catdir/enhancements/fy0640/97014619-t.html
856 4 2 _3Contributor biographical information
_uhttp://www.loc.gov/catdir/enhancements/fy0726/97014619-b.html
942 _cNB
_2ddc
999 _c9591
_d9591